उर्दूः दूसरी राजभाषा / (Record no. 14973)

MARC details
000 -LEADER
fixed length control field 01597 a2200325 4500
005 - DATE AND TIME OF LATEST TRANSACTION
control field 2008082200440.0
008 - FIXED-LENGTH DATA ELEMENTS--GENERAL INFORMATION
fixed length control field 080822t xxu||||| |||| 00| 0 hin d
010 ## - LIBRARY OF CONGRESS CONTROL NUMBER
LC control number HIN-84019
020 ## - INTERNATIONAL STANDARD BOOK NUMBER
Terms of availability 300.00
035 ## - SYSTEM CONTROL NUMBER
System control number HN-56365
037 ## - SOURCE OF ACQUISITION
Stock number DBAD / PUB
040 ## - CATALOGING SOURCE
Original cataloging agency DPL
Language of cataloging HN
082 ## - DEWEY DECIMAL CLASSIFICATION NUMBER
Classification number 30644954
100 ## - MAIN ENTRY--PERSONAL NAME
Personal name पाण्डेय, कैलाश नाथ
245 ## - TITLE STATEMENT
Title उर्दूः दूसरी राजभाषा /
Statement of responsibility, etc कैलाश नाथ पाण्डेय
246 ## - VARYING FORM OF TITLE
Title proper/short title Urdu: Dusari Rajabhaasha
Remainder of title by Kailash Nath Pandey
260 ## - PUBLICATION, DISTRIBUTION, ETC. (IMPRINT)
Place of publication, distribution, etc इलाहाबाद
Name of publisher, distributor, etc अनिल प्रकाशन
Date of publication, distribution, etc 2007
270 ## - ADDRESS
Address 189ए/1, अलोपीबाग कालोनी
City इलाहाबाद
Postal code 6
300 ## - PHYSICAL DESCRIPTION
Extent 250पृ
Dimensions 22 सेमी (सजिल्द)
Other physical details सचित्र
650 ## - SUBJECT ADDED ENTRY--TOPICAL TERM
Topical term or geographic name as entry element भाषा एवं भाषायें
Geographic subdivision भारत
General subdivision राजनीतिक पक्ष
650 ## - SUBJECT ADDED ENTRY--TOPICAL TERM
Topical term or geographic name as entry element Language and Languages
Geographic subdivision India
General subdivision Political aspects
650 ## - SUBJECT ADDED ENTRY--TOPICAL TERM
Topical term or geographic name as entry element Language and policy
Geographic subdivision India
650 ## - SUBJECT ADDED ENTRY--TOPICAL TERM
Topical term or geographic name as entry element भाषा एवं नीति
Geographic subdivision भारत
650 ## - SUBJECT ADDED ENTRY--TOPICAL TERM
Topical term or geographic name as entry element Language and Planning
Geographic subdivision India
650 ## - SUBJECT ADDED ENTRY--TOPICAL TERM
Topical term or geographic name as entry element भाषा एवं योजना
Geographic subdivision भारत
650 ## - SUBJECT ADDED ENTRY--TOPICAL TERM
Topical term or geographic name as entry element Urdu language
Geographic subdivision India
650 ## - SUBJECT ADDED ENTRY--TOPICAL TERM
Topical term or geographic name as entry element उर्दू भाषा
Geographic subdivision भारत
942 ## - ADDED ENTRY ELEMENTS (KOHA)
Institution code [OBSOLETE] dpl
Koha item type Hindi Books
Call number prefix पाण्डेय
Source of classification or shelving scheme Dewey Decimal Classification
Classification part 306.44954
Holdings
Withdrawn status Lost status Damaged status Not for loan Collection code Home library Current library Date acquired Source of acquisition Cost, normal purchase price Total Checkouts Full call number Barcode Date last seen Copy number Cost, replacement price Price effective from Koha item type
      Not For Loan Non-fiction D.B.Act.Division D.B.Act.Division 22/08/2008 DBAD / PUB 300.00   306.44954 पाण्डेय HN-56365 15/09/2008 1 300.00 15/09/2008 Hindi Books

© Delhi Public Library
Hit Counter
free hit counter